Prénoms de filles les plus populaires au Québec en 2022 - Statistiques

Statistiques générales
  • Ce quiz a été pris 337 fois
  • Le résultat moyen est 35 sur 100
Statistiques - réponses
Réponse % Correct
Emma
78%
Léa
77%
Anna
72%
Lily-Rose
68%
Emma-Rose
67%
Rose
67%
Sarah
66%
Juliette
63%
Charlotte
61%
Camille
60%
Alice
58%
Chloé
58%
Lyvia
56%
Olivia
55%
Ève
53%
Jade
53%
Mia
53%
Zoé
53%
Gabrielle
52%
Lou
52%
Charlie
50%
Jeanne
50%
Julia
50%
Alicia
49%
Eva
49%
Florence
49%
Laura
49%
Clara
48%
Laurie
48%
Rosalie
48%
Lily
46%
Sophie
46%
Justine
44%
Sofia
44%
Sophia
44%
Laurence
43%
Élisabeth
41%
Victoria
41%
Élizabeth
40%
Béatrice
39%
Amélia
38%
Mathilde
38%
Maélie
37%
Raphaëlle
37%
Annabelle
36%
Léanne
36%
Océane
35%
Ellie
34%
Élodie
34%
Coralie
33%
Mila
33%
Romy
32%
Aurélie
31%
Léonie
31%
Livia
31%
Maèva
31%
Maya
30%
Éloïse
29%
Clémence
28%
Jasmine
28%
Lina
28%
Adèle
26%
Éliane
26%
Nora
25%
Agathe
24%
Delphine
24%
Flavie
24%
Lena
24%
Romane
24%
Simone
24%
Marguerite
23%
Mélodie
23%
Abby
22%
Claire
21%
Flora
21%
Luna
21%
Margot
21%
Ophélie
21%
Éléonore
20%
Liana
19%
Éléna
18%
Stella
18%
Ella
17%
Estelle
17%
Evelyne
16%
Lexie
16%
Billie
14%
Noélie
14%
Yasmine
14%
Alexie
13%
Arielle
13%
Kayla
13%
Madison
13%
Violette
12%
Abigaëlle
11%
Layla
9%
Ophélia
9%
Dahlia
8%
Éliana
8%
Ivy
5%
Aucun quiz correspondant
Distribution des résultats
% des personnes avec chaque résultat
Percentile par nombre de réponses
Votre historique - résultats
Vous n’avez pas pris ce quiz